Normal view
MARC view
Entry Topical Term
001 - CONTROL NUMBER
- control field: 12788
003 - CONTROL NUMBER IDENTIFIER
- control field: ARRUPE
005 - DATE AND TIME OF LATEST TRANSACTION
- control field: 20141121131335.0
008 - FIXED-LENGTH DATA ELEMENTS
- fixed length control field: 141121|| aca||aabn | a|a d
040 ## - CATALOGING SOURCE
- Original cataloging agency: ARRUPE
- Transcribing agency: ARRUPE
150 ## - HEADING--TOPICAL TERM
- Topical term or geographic name as entry element: Church and politics
- General subdivision: Biblical teaching
670 ## - SOURCE DATA FOUND
- Source citation: Work cat.: (ARRUPE): Kim Sebastian C. H. ed. 12787, Liberating texts?, 2008